00784nam a22002057a 4500999001900000005001700019010001500036020002700051020002400078035001300102037001300115082001400128245012400142260004500266270006100311300003000372700002100402942002800423952012700451 c104144d10414420181207125002.0 aENG-116252 a9780199456703c1195.00 a0199456704c1195.00 aEN-99784 bDBAD/PUB04a344.5404604aSanitation law and policy in India :ban introduction to basic instruments /cby Philippe Cullet [and] Lovleen Bhullar aNew DelhibOxford University pressc2015 aYMCA Library Building,1 Jaisingh RoadbNew Delhie110001 axx,510 pages c22 cm.(Hb) a Cullet,Philippe 2ddccENh344.54046mSAN 001040718NFICaDBADbBNd2016-10-21eDBAD/PUBg1195.00l0o344.54046 SANpEN-99784r2016-10-21 00:00:00t1v1195.00yEN